Technology and Communist culture : the socio-cultural impact of technology under socialism /

Bibliographic Details
Other Authors: Fleron, Frederic J., 1937-
Format: Book
Language:English
Published: New York : Praeger, 1977.
Series:Praeger special studies in international politics and government.
Subjects:

MARC

Tag First Indicator Second Indicator Subfields
LEADER 00000pam a2200000 i 4500
001 in00000367279
005 20151011074753.0
008 770629s1977 nyu b 00100 eng
010 |a  77007810  
020 |a 0030218217 :  |c $27.50 
035 |a (OCoLC)03169254 
035 |9 ABP5500AM 
040 |a DLC  |c DLC  |d TXA  |d UtOrBLW 
049 |a TXAM  |c [1493474] 
050 0 0 |a HC710.T4  |b T42 1977 
082 0 |a 301.24/3/091717 
245 0 0 |a Technology and Communist culture :  |b the socio-cultural impact of technology under socialism /  |c edited by Frederic J. Fleron, Jr. 
264 1 |a New York :  |b Praeger,  |c 1977. 
300 |a xii, 518 pages ;  |c 24 cm. 
336 |a text  |b txt  |2 rdacontent 
337 |a unmediated  |b n  |2 rdamedia 
338 |a volume  |b nc  |2 rdacarrier 
490 1 |a Praeger special studies in international politics and government 
504 |a Includes bibliographical references and index. 
650 0 |a Technological innovations  |z Communist countries. 
700 1 |a Fleron, Frederic J.,  |d 1937- 
830 0 |a Praeger special studies in international politics and government. 
999 |a MARS 
999 f f |s 8b86a53d-c8f4-3eee-a760-9f0da7fb015a  |i 1927bc18-de7a-3ff6-bddb-fc92eab94ba9  |t 0 
952 f f |p ric  |a Texas A&M University  |b Rellis Campus  |c Joint Library Facility  |d Remote Storage  |t 0  |e HC710.T4 T42 1977  |h Library of Congress classification  |i unmediated -- volume  |m A14802606930 
998 f f |a HC710.T4 T42 1977  |t 0  |l Remote Storage